[Event "CRO-ch U15 Girls"]
[Site "Trogir"]
[Date "2022.06.27"]
[Round "9"]
[White "Buchwald, Svea"]
[Black "Franulovic, Maja"]
[Result "1-0"]
[WhiteElo "1187"]
[BlackElo "1600"]
[PlyCount "61"]
[EventDate "2022.06.22"]
[EventType "swiss"]
[EventRounds "9"]
[EventCountry "CRO"]
[SourceTitle "CBM 209 Extra"]
[Source "ChessBase"]
[SourceDate "2022.09.30"]
[SourceVersion "1"]
[SourceVersionDate "2022.09.30"]
[SourceQuality "1"]

1. e4 e5 2. Nf3 Nc6 3. Bc4 h6 4. Nc3 Bc5 5. 0-0 Nf6 6. d3 d6 7. h3 Na5 8. Bb3 Nxb3 9. axb3 c6 10. Be3 Bxe3 11. fxe3 0-0 12. Qd2 Re8 13. Qf2 d5 14. exd5 cxd5 15. Rad1 Qc7 16. Nh4 b6 17. Nf5 Bxf5 18. Qxf5 Rac8 19. d4 exd4 20. exd4 Rcd8 21. Rd3 Rd6 22. Rg3 g6 23. h4 Kh8 24. Qf2 h5 25. Qf4 Ng4 26. Qxf7 Qxf7 27. Rxf7 Re1+ 28. Rf1 Rxf1+ 29. Kxf1 Rf6+ 30. Ke1 Re6+ 31. Kd2 1-0